000 00504nam a2200181Ia 4500
005 20250508150935.0
008 008 250505s9999 xx 000 0 eng d
037 _aTextual
040 _aFEDL
_beng
_cFEDL
041 _aeng
_2eng
084 _a914.2, HER
_qFEDL
100 _aHerdman T
_9346786
245 0 _aDiscovering geography in Britain
260 _aBombay, India
_bLongmans, Green & Co.
_c1945
300 _avii,121p
942 _cTEXL
_h914.2, HER
999 _c1326619
_d1326619